|
|
|
|
| LEADER |
006520000a22002170004500 |
| 020 |
|
|
|a 81-8423-042-7
|
| 040 |
|
|
|a MAL
|
| 082 |
|
|
|a 894.811 3 VAS/Y 32P6
|
| 100 |
|
|
|a Sunderdas; Translator
|
| 100 |
|
|
|a Vasanthi; Author
|
| 240 |
|
|
|a Yugasandhi
|l TAL
|
| 245 |
|
|
|a Gaayathri: Tamil novel
|
| 250 |
|
|
|
| 260 |
|
|
|a Thrissur, Green Books
|
| 260 |
|
|
|c 2006
|
| 460 |
|
|
|a 96p
|
| 465 |
|
|
|a Rs.55.00
|
| 500 |
|
|
|a Vasanthi; tr by Sunderdas
|
| 650 |
|
|
|a Tamil fiction
|
| 999 |
|
|
|c 40445
|d 40445
|
| 952 |
|
|
|0 0
|1 0
|4 0
|6 894_811000000000000_3_VASY_32P
|7 0
|8 MAL
|9 41000
|a MGUL
|b MGUL
|d 2013-07-16
|e Rs.55.00
|l 2
|o 894.811 3 VAS/Y 32P6
|p 39240
|r 2020-02-11
|s 2020-02-04
|w 2013-07-16
|y BK
|